Segundo Plan para la Integración Regional de la Educación Superior Centroamericana PIRESC II: marco conceptual
Պահպանված է:
| Համատեղ հեղինակ: | |
|---|---|
| Ձևաչափ: | Տեքստ |
| Հրապարակվել է: |
San José:
EDUCA
|
| Ցուցիչներ: |
Ավելացրեք ցուցիչ
Չկան պիտակներ, Եղեք առաջինը, ով նշում է այս գրառումը!
|
MARC
| LEADER | 00000 a a2200000 04500 | ||
|---|---|---|---|
| 001 | 24053 | ||
| 003 | |||
| 040 | |||
| 090 | |a 170700 | ||
| 110 | |a CSUCA | ||
| 245 | |a Segundo Plan para la Integración Regional de la Educación Superior Centroamericana PIRESC II: marco conceptual | ||
| 260 | |a San José: |b EDUCA | ||
| 300 | |a 89 p. | ||
| 999 | |c 10996 |d 10996 | ||
